COLLECTIO SCRIPTORUM RERUM HISTORICO-MONASTICO-ECCLESIASTICARUM VARIORUM RELIGIOSORUM ORDINUM. TOMUS III, IN QUO CONTINENTUR I. AUBERTI MYRAEI Origines ac Progressus Canonicorum Regularium S. Augustini per Italiam, Hispaniam, Galliam, Germaniam, Belgium aliasque Orbis Christiani Provincias. II. FRANCISCI PETRI Can. Reg. S. Augustini Imperialis ac celeberrimae Canoniae Wettenhusanae quondam Senioris ac Historiographi Germania Canonico-Augustiniana, Ordine Alphabetico conscripta. Pars I. Littera A&B. Opus posthumum /

Hlavní autor: Kuen, Michael, 1709-1765
Další autoři: Petrus, Franciscus, 1639-1716, Myraei, Auberti, Bäck, Thomas, Franck, Johann, činný 1659-1690, Zaman, Remigio de
Jazyk: Latina
Vydáno: ULMAE : Sumptibus GAUMIANIS, 1756
Témata:
Externí odkaz: Digitalizovaný dokument (Exemplář z Národní knihovny ČR)
Fyzický popis: 8 nečíslovaných stran, 258 stran, 4 nečíslované strany, 6 nečíslovaných příloh ;
Knihy
Uloženo v:
LEADER 05138nam a2200673 i 4500
001 mzk03001252948
003 CZ BrMZK
005 20180910143923.0
007 ta
008 180910s1756 gw f fr|||||00| ||latod
040 |a BOA001  |b cze  |e rda 
072 7 |a 27-9  |x Dějiny křesťanské církve  |2 Konspekt  |9 5 
072 7 |a 094  |x Staré tisky  |2 Konspekt  |9 12 
080 |a 27-9  |2 MRF 
080 |a 27-789.4-523.6-788-1/-9  |2 MRF 
080 |a 025.171  |2 MRF 
080 |a (0.068)094  |2 MRF 
100 1 |a Kuen, Michael,  |d 1709-1765  |7 mzk2003197711  |4 aut 
245 1 0 |a COLLECTIO SCRIPTORUM RERUM HISTORICO-MONASTICO-ECCLESIASTICARUM VARIORUM RELIGIOSORUM ORDINUM.  |n TOMUS III,  |p IN QUO CONTINENTUR I. AUBERTI MYRAEI Origines ac Progressus Canonicorum Regularium S. Augustini per Italiam, Hispaniam, Galliam, Germaniam, Belgium aliasque Orbis Christiani Provincias. II. FRANCISCI PETRI Can. Reg. S. Augustini Imperialis ac celeberrimae Canoniae Wettenhusanae quondam Senioris ac Historiographi Germania Canonico-Augustiniana, Ordine Alphabetico conscripta. Pars I. Littera A&B. Opus posthumum /  |c CURANTE MICHAELE III ad Exemptas Insulas Wengenses Cann. Regg. Ulmae Suevorum Praelato Sacrae Caesareae ac Cathol. Majestatis Consiliario ac Sacellano Perpetuo 
246 3 0 |a IN QUO CONTINENTUR I. AUBERTI MYRAEI Origines ac Progressus Canonicorum Regularium S. Augustini per Italiam, Hispaniam, Galliam, Germaniam, Belgium aliasque Orbis Christiani Provincias. II. FRANCISCI PETRI Can. Reg. S. Augustini Imperialis ac celeberrimae Canoniae Wettenhusanae quondam Senioris ac Historiographi Germania Canonico-Augustiniana, Ordine Alphabetico conscripta. Pars I. Littera A&B. Opus posthumum 
246 3 8 |a COLLEC[TIO] SCRIPTO[RUM] RER. HIST. MONAS. TOM. III: IV. 
264 1 |a ULMAE :  |b Sumptibus GAUMIANIS,  |c 1756 
300 |a 8 nečíslovaných stran, 258 stran, 4 nečíslované strany, 6 nečíslovaných příloh ; 
336 |a text  |b txt  |2 rdacontent 
337 |a bez média  |b n  |2 rdamedia 
338 |a svazek  |b nc  |2 rdacarrier 
500 |a Výzdoba: Nad impresem linka a nad ní viněta, vlysy, klišé, typografické ozdůbky, 6 nečíslovaných mědirytinových složených příloh (augustiniánské kláštery), signovaných Thomas Back del: et csulpsit Aug. Vind. nebo Johann Franck sc. 
500 |a Rozsah: [8], 258, [4] s., [6] příl. 
501 |a Obsahuje: Přívazek stejného titulu 3. díl 
561 |a Provenience: [supralibros] FAB [Fridrich Grundtmann] 
561 |a Provenience: [m.p.] Pro Bibliotheca Monasterij S. Wenceslai Braunae comparavit A[nn]o 1767 F. A. B 
561 |a Provenience: [m.p.] Monasterij S. Wenceslai Braunae 
561 |a Provenience: [razítko] S.A.B. BRAUNAU 
561 |a Provenience: [razítko] SVK HK/ 4068 
563 |a Usňová vazba, lepenkové desky potažené hovězinou, na předních i zadních deskách zlacené slepotiskové Supralibros Fridricha Grundtmanna (V barokní kartuši alianční znak břevnovského kláštera, heraldicky v pravém štítu kosmo položené břevno se třemi suky, v heraldicky levém štítu šikmo tři zlatá břevna, v prostředním tři růže, nad kartuší položená mitra s fimbriemi odletujícími heraldicky vlevo, z pravé strany podložená mitrou, nad mitrou iniciály F. A. B.), žlutý a zelený hřbetní nápisový štítek se zlaceným slepotiskovým názvem a čísly svazku, mezi vazy ornamentální zlacený slepotiskový dekor, ořízka natřená červenou barvou 
650 7 |a církevní dějiny  |7 ph114283  |2 czenas 
650 7 |a augustiniánské kláštery  |7 ph118669  |2 czenas 
650 7 |a historické knihovní fondy  |7 ph172933  |2 czenas 
655 7 |a staré tisky  |7 fd422076  |2 czenas 
700 1 |a Petrus, Franciscus,  |d 1639-1716  |7 mzk2010575920  |4 oth 
700 1 |a Myraei, Auberti  |4 oth 
700 1 |a Bäck, Thomas  |4 egr 
700 1 |a Franck, Johann,  |d činný 1659-1690  |7 xx0143876  |4 egr 
700 1 |a Zaman, Remigio de  |4 dte 
740 0 2 |a Canonicorum regularium Ordinis S. Augustini origines ac proressus per Italiam, Hispaniam, Galliam, Germaniam, Belgium, aliasque orbis christiani provincias. Authore Auberto Miraeo Bruxellensi, protonotario apostolico, et canonico antwerpiensi 
740 0 2 |a GERMANIA CANONICO-AUGUSTINIANA MULTORUM ANNORUM STUDIO AC LABORE MAGNISQUE SUMPTIBUS COLLECTA A P. R. D. FRANCISCO PETRO Can. Reg. Ord. S. Augustini Imperialis Canoniae Wettenhusanae in Suevia quondam Capitularii ac Seniore OPUS POSTHUMUM. PARS I. 
856 4 2 |u http://books.google.cz/books?vid=NKP:1002594528-002&printsec=frontcover  |y Digitalizovaný dokument  |z Exemplář z Národní knihovny ČR 
903 |a RP 
910 |a NAG950  |b B - XIX. C. aa. 21,2 
978 |b Gaumius, Johann Friedrich  |a Ulm  |c 1756 
981 1 |a Grundtmann, Fridrich,  |c OSB,  |d činný 1752-1772  |8 1767 
982 0 |a Broumov - benediktinský klášter 
982 0 |a Hradec Králové - SVK 
984 |a Ulm  |b Německo 
985 |a 1751-1800 
990 |a BK 
991 |k broumov 
980 |c 001819  |g B - XIX. C. aa. 21,2  |1 458950001819 
994 |a DN  |l MZK03  |b 001252959  |m záznam 1. díla (pro objednání pokračujte kliknutím)  |n přívazek